000 00465ntaaa2200181 4500
003 01
005 20251027202930.0
008 0714s1973 ag 01
040 _aAR-BaBN
_bspa
_cAR-BaBN
_eaacr
_dRIC
082 _a922.6000 Sp4g
100 _aGreen, C. Sylvester
_929934
245 _aB. W. Spilman
250 _a1 ed.
260 _aNashville :
_bBroadman Press,
_cc1953
300 _a154 p
650 _aSpilman, Barnard Washington (1871-1950)
_929935
942 _cBK
999 _c24594
_d24594